Welcome to CU Library Online Public Access Catalogue (OPAC)

THE LAW OF THE INVESTMENT MARKETS (Record no. 9748)

MARC details
000 -LEADER
fixed length control field 00376nam a2200157 4500
005 - DATE AND TIME OF LATEST TRANSACTION
control field 20260508124625.0
008 - FIXED-LENGTH DATA ELEMENTS--GENERAL INFORMATION
fixed length control field CU66
020 ## - INTERNATIONAL STANDARD BOOK NUMBER
International Standard Book Number 0632023724
050 ## - LIBRARY OF CONGRESS CALL NUMBER
Classification number KD 1774.P46 PEN
100 ## - MAIN ENTRY--PERSONAL NAME
Personal name PENNINGTON,ROBERT R.
245 ## - TITLE STATEMENT
Title THE LAW OF THE INVESTMENT MARKETS
260 ## - PUBLICATION, DISTRIBUTION, ETC.
Place of publication, distribution, etc. CAMBRIDGE
Name of publisher, distributor, etc. BSP PROFESSIONAL BOOKS
Date of publication, distribution, etc. 1990
300 ## - PHYSICAL DESCRIPTION
Extent IVI,604p.
500 ## - GENERAL NOTE
General note INDEX
942 ## - ADDED ENTRY ELEMENTS (KOHA)
Source of classification or shelving scheme Library of Congress Classification
Koha item type Books
Suppress in OPAC No
999 ## -
-- 9748
-- 9748
Holdings
Withdrawn status Lost status Source of classification or shelving scheme Damaged status Not for loan Home library Current library Shelving location Date acquired Total checkouts Full call number Barcode Date last seen Copy number Price effective from Koha item type
    Library of Congress Classification     Graduate Library (Christ Temple) Graduate Library (Christ Temple) General stacks 05/08/2026   KD 1774.P46 PEN gsct00003446 05/08/2026 1 05/08/2026 Books
© 2023-2024 Copyright: Central University Libraries. All Rights Reserved | Created by: Mahone Tech Office